000 00690nam a2200253Ia 4500
003 OSt
005 20220918185109.0
006 a|||||r|||| 00| 0
007 ta
008 220917b |||||||| |||| 00| 0 eng d
024 _a49,559
037 _cTextual
040 _aARTS
_cARTS
_beng
041 _2eng
_aeng
082 _aP:7, K41 (PD)
100 _aIves Sumner
_967764
245 0 _aLanguages style, ideas
260 _aNew York
_bHarcourt , Brace and World
_c1964
300 _axiv,458p.
_ccm.
650 _aLINGUISTICS
700 _a Mitchell Stephen O
_967765
942 _hP:7, K41 (PD)
_cTEXL
_2CC
999 _c179181
_d179181